| 000 | 00883nam a2200313Ia 4500 | ||
|---|---|---|---|
| 005 | 20250425162214.0 | ||
| 008 | 250425s9999 xx 000 0 und d | ||
| 020 | _a9701048318 | ||
| 041 | _aspa | ||
| 043 | _amx | ||
| 082 | _a658.4012 | ||
| 100 | _aHILL, CHARLES W. | ||
| 245 | 0 | _aADMINISTRACION ESTRATEGICA: UN ENFOQUE INTEGRADO | |
| 250 | _a6A ED. | ||
| 260 | _aMEXICO | ||
| 260 |
_aMéxico _bMCGRAW-HILL _c2005 |
||
| 300 | _a924 | ||
| 500 | _aConsultar inv.39634 en BIBTEC | ||
| 500 | _aTítulo Traducido: STRATEGIC MANAGEMENT: AN INTEGRATED APPROACH | ||
| 650 | _aESTRATEGIA CORPORATIVA | ||
| 650 | _aESTRATEGIAS COMPETITIVAS | ||
| 650 | _aESTRATEGIAS INDUSTRIALES | ||
| 650 | _aGESTION ESTRATEGICA | ||
| 650 | _aVENTAJA COMPETITIVA | ||
| 700 |
_aJOAQUIN RAMOS SANTALLA _etraductor |
||
| 710 | _aMCGRAW-HILL, INC. | ||
| 942 | _c01 | ||
| 010 | _a56682 | ||
| 999 |
_c224498 _d224498 |
||